000 00659 a2200181 4500
003 OSt
005 20240516121523.0
008 240319b ||||| |||| 00| 0 eng d
020 _a9789966202925
050 _aBV4140.K4
_bG38 2017
100 _aGathogo, Julius.
245 _aBeyond Mount Kenya region :
_b40 years of theological & practical education at St. Andrew's College, Kabare (1977-2017) /
_cJulius Gathogo.
260 _b Evangel Publishing House,
_c2017
_a Nairobi, Kenya :
300 _a xxiv, 202 p. :
_bill. ;
_c21 cm
500 _a Includes bibliographical references (pages 197-201).
650 _aBible colleges
_zKenya.
942 _cBK
_2lcc
999 _c59024
_d59024